LEADER 02585oam 2200493I 450 001 9910792722903321 005 20230809223539.0 010 $a1-315-51701-9 010 $a1-315-51699-3 010 $a1-315-51700-0 024 7 $a10.4324/9781315517018 035 $a(CKB)3710000001151395 035 $a(MiAaPQ)EBC4838075 035 $a(OCoLC)982187527 035 $a(EXLCZ)993710000001151395 100 $a20180706e20171995 uy 0 101 0 $aeng 135 $aurcnu|||||||| 181 $2rdacontent 182 $2rdamedia 183 $2rdacarrier 200 00$aCognitive and computational aspects of face recognition $eexplorations in face space /$fedited by Tim Valentine 210 1$aAbingdon, Oxon :$cRoutledge,$d2017. 215 $a1 online resource (254 pages) $cillustrations 225 0 $aPsychology Library Editions: Perception ;$vVolume 29 300 $aFirst published in 1995. 311 $a1-138-69933-0 320 $aIncludes bibliographical references at the end of each chapters and indexes. 327 $a1. The development of face recognition / Robert A. Johnston and Hadyn D. Ellis -- 2. Expertise and the caricature advantage / Sarah V. Stevenage -- 3. Face recognition and configural coding / Gillian Rhodes -- 4. An account of the own-race bias and the contact hypthesis based on a 'face space' model of face recognition / Tim Valentine, Patrick Chiroro and Ruth Dixon -- 5. Distinctiveness and memory for unfamiliar faces / Judith A. Hosie and Alan B. Milne -- 6. Memorability, familiarity and categorical structure in the recognition of faces / John R. Vokey and J. Don Read -- 7. Missing dimensions of distinctiveness / Vicki Bruce, A. Mike Burton and Peter J. Hancock -- 8. A perceptual learning theory of the information in faces / Alice J. O'Toole. [et al.] -- 9. A manifold model of face and object recognition / Ian Craw -- 10. Perspectives on face perception. Directing research by exploiting emergent prototypes / Philip J. Benson. 606 $aFace perception$vCongresses 606 $aFace perception$xComputer simulation$vCongresses 606 $aFace perception$xMathematical models$vCongresses 615 0$aFace perception 615 0$aFace perception$xComputer simulation 615 0$aFace perception$xMathematical models 676 $a153.7/5 701 $aValentine$b Tim$f1959-$0970786 801 0$bMiAaPQ 801 1$bMiAaPQ 801 2$bMiAaPQ 906 $aBOOK 912 $a9910792722903321 996 $aCognitive and computational aspects of face recognition$93776837 997 $aUNINA LEADER 01153nam0 22002651i 450 001 UON00186930 005 20231205103157.441 010 $a88-14-04000-1 100 $a20030730d1993 |0itac50 ba 101 $aita 102 $aIT 105 $a|||| 1|||| 200 1 $a Trasparenza e riequilibro delle operazioni bancarie$ela difficile transizione dal diritto della banca al diritto bancario$fAldo Maisano 210 $aMilano$cGiuffrè$d1993. XX$d252 p. ; 24 cm. 410 1$1001UON00171825$12001 $aˆIl ‰diritto della banca e della borsa$estudi e dibattiti$1210 $aMilano$cGiuffrè.$v20 606 $aDiritto Bancario$xStudi$3UONC034366$2FI 620 $aIT$dMilano$3UONL000005 700 1$aMAISANO$bAldo$3UONV108752$0230794 712 $aGiuffrè$3UONV257275$4650 801 $aIT$bSOL$c20250314$gRICA 899 $aSIBA - SISTEMA BIBLIOTECARIO DI ATENEO$2UONSI 912 $aUON00186930 950 $aSIBA - SISTEMA BIBLIOTECARIO DI ATENEO$dSI PRI E 0153 $eSI SC 26987 5 0153 996 $aTrasparenza e riequilibro delle operazioni bancarie$91286514 997 $aUNIOR